Nigerian players in UEFA Champions League (2000-) - Statistics

General Stats
  • This quiz has been taken 26 times
  • The average score is 19 of 91
Answer Stats
Ranking Player Positions Nationality Matches Goals (assists) Periods Clubs % Correct
1 John Obi Mikel MF 59 2 (2) 2006-2016
86%
10 Victor Osimhen FW 17 9 (0) 2019-2020, 2022-2024
86%
24 Ademola Lookman MF, FW 8 5 (1) 2019-2020, 2024-2025
82%
30 Victor Moses DF, MF, FW 8 1 (0) 2012-2013, 2017-2018
82%
61 Wilfred Ndidi DF, MF 4 0 (0) 2016-2017
82%
7 Samuel Chukwueze MF, FW 20 4 (1) 2021-2022, 2023-2025
77%
2 Nwankwo Kanu FW 38 3 (3) 2000-2004
73%
32 Kelechi Iheanacho MF, FW 7 2 (0) 2015-2017
68%
54 Victor Boniface FW 4 1 (0) 2024-2025
68%
6 Ahmed Musa MF, FW 25 3 (2) 2011-2012, 2013-2017
64%
22 Alex Iwobi MF, FW 9 1 (0) 2015-2017
64%
3 Obafemi Martins FW 33 9 (3) 2002-2005, 2009-2011
64%
4 Taye Taiwo DF 31 1 (0) 2007-2013
64%
39 Jay-Jay Okocha MF 6 1 (0) 2000-2001
59%
31 Joel Obi DF, MF 8 0 (0) 2010-2012
59%
33 Nathan Tella DF, MF, FW 7 1 (0) 2024-2025
55%
88 Odion Ighalo FW 1 0 (0) 2020-2021
45%
34 Vincent Enyeama GK 7 1 (0) 2010-2012
45%
40 Calvin Bassey DF 6 0 (1) 2022-2023
41%
73 Celestine Babayaro DF, MF 2 0 (0) 2003-2004
41%
48 Fortune Bassey FW 5 0 (0) 2022-2023
41%
8 Raphael Onyedika MF 18 1 (1) 2022-2023, 2024-2025
41%
5 Zaidu Sanusi DF, FW 28 2 (0) 2020-2024
41%
43 Frank Onyeka MF 6 0 (0) 2020-2021
32%
25 Shola Ameobi FW 8 3 (0) 2002-2003
32%
37 Emmanuel Emenike FW 6 2 (1) 2012-2013, 2017-2018
27%
53 Paul Onuachu FW 5 0 (0) 2019-2020
27%
14 Peter Odemwingie FW 13 2 (2) 2005-2007
27%
45 Yakubu Aiyegbeni FW 5 5 (1) 2002-2003
27%
47 Moses Simon MF, FW 5 0 (1) 2015-2016
23%
59 Sunday Oliseh DF, MF 4 0 (0) 2001-2002
23%
63 Taribo West DF 3 0 (1) 2003-2004
23%
26 John Utaka MF, FW 8 2 (4) 2002-2003, 2012-2013
18%
28 Julius Aghahowa FW 8 2 (0) 2004-2005, 2006-2007
18%
60 Umar Sadiq FW 4 0 (0) 2023-2024
18%
55 Chidera Ejuke MF, FW 4 0 (0) 2023-2024
14%
29 Haruna Babangida MF, FW 8 1 (0) 2005-2007
14%
83 Bartholomew Ogbeche FW 1 0 (0) 2004-2005
9%
35 Brian Idowu DF 7 0 (0) 2018-2020
9%
17 Brown Ideye FW 12 2 (1) 2012-2013, 2015-2016
9%
84 Chidozie Awaziem DF 1 0 (0) 2018-2019
9%
23 Elderson Echiéjilé DF 9 0 (0) 2010-2011, 2012-2013, 2014-2015
9%
13 Emmanuel Dennis MF, FW 13 3 (2) 2018-2021
9%
19 Henry Onyekuru MF, FW 11 0 (0) 2017-2019
9%
65 Isaac Okoronkwo DF 3 0 (0) 2000-2001
9%
76 Kevin Akpoguma DF, FW 2 0 (0) 2018-2019
9%
77 Okon Flo Essien FW 2 0 (0) 2002-2003
9%
12 Peter Olayinka DF, MF, FW 14 1 (0) 2019-2020, 2023-2025
9%
27 Victor Olatunji FW 8 2 (1) 2024-2025
9%
91 Wilson Oruma MF 1 0 (0) 2007-2008
9%
9 Ayila Yussuf DF, MF 18 1 (0) 2004-2005, 2006-2010
5%
20 Chidi Odiah DF, MF 10 0 (0) 2004-2005, 2006-2007, 2009-2010
5%
15 Efe Ambrose DF 13 0 (0) 2012-2014
5%
16 George Ilenikhena FW 12 3 (0) 2023-2025
5%
67 Lukman Haruna MF 3 0 (0) 2012-2013
5%
68 Nwankwo Obiora DF, MF 3 0 (0) 2010-2011
5%
80 Uche Okechukwu DF 2 0 (0) 2001-2002
5%
82 Aaron Samuel Olanare FW 1 0 (0) 2017-2018
0%
38 Alhassan Yusuf MF 6 1 (1) 2023-2024
0%
41 Bonke Innocent MF 6 0 (0) 2021-2022
0%
21 Chinedu Obasi FW 9 1 (1) 2012-2015
0%
42 Christian Obodo MF 6 0 (0) 2005-2006
0%
36 David Okereke MF, FW 7 0 (0) 2019-2021
0%
56 Eric Ejiofor DF 4 0 (0) 2002-2003
0%
64 Fanendo Adi FW 3 0 (0) 2013-2014
0%
85 Godfrey Nwankpa MF 1 0 (0) 2000-2001
0%
86 Godwin Okpara DF 1 0 (0) 2000-2001
0%
49 Ifeanyi Emeghara DF 5 0 (0) 2007-2008
0%
74 Ifeanyi Udeze DF 2 0 (0) 2006-2007
0%
50 Ike Shorunmu GK 5 0 (0) 2000-2001
0%
87 Iyayi Atiemwen MF, FW 1 0 (0) 2019-2020
0%
18 James Obiorah MF, FW 11 2 (0) 2001-2003
0%
75 John Ibeh MF 2 0 (0) 2011-2012
0%
66 Joseph Enakarhire DF 3 0 (0) 2006-2007
0%
51 Kennedy Ugoala Nwanganga MF, FW 5 0 (0) 2011-2012
0%
46 Lucky Idahor FW 5 1 (0) 2001-2002
0%
62 Michael Olaitan FW 3 0 (1) 2013-2014
0%
57 Nosa Igiebor MF 4 0 (0) 2015-2016
0%
69 Ode Thompson FW 3 0 (0) 2001-2002
0%
70 Olarenwaju Kayode MF, FW 3 0 (0) 2018-2019
0%
52 Onyekachi Okonkwo DF, FW 5 0 (0) 2009-2010
0%
11 Pascal Ojigwe DF, MF 15 0 (0) 2000-2003
0%
71 Paul Mukairu FW 3 0 (0) 2022-2023
0%
44 Richard Eromoigbe MF 6 0 (0) 2006-2007
0%
89 Samson Tijani MF 1 0 (0) 2021-2022
0%
90 Samuel Ogunsanya DF 1 0 (0) 2002-2003
0%
58 Stephen Makinwa FW 4 0 (0) 2007-2008
0%
81 Stephen Odey FW 1 1 (0) 2019-2020
0%
78 Sunny MF 2 0 (0) 2007-2008
0%
79 Ubong Moses Ekpai MF, FW 2 0 (0) 2018-2019
0%
72 Victor Agali FW 3 0 (0) 2001-2002
0%
No matching quizzes found
Score Distribution
Percent of People with Each Score
Percentile by Number Answered
Your Score History
You have not taken this quiz